Literature : (Record no. 8112)

MARC details
000 -LEADER
fixed length control field 00972cam a22003014a 4500
001 - CONTROL NUMBER
control field 14847903
003 - CONTROL NUMBER IDENTIFIER
control field mut
005 - DATE AND TIME OF LATEST TRANSACTION
control field 20240606081049.0
008 - FIXED-LENGTH DATA ELEMENTS--GENERAL INFORMATION
fixed length control field 070511s2007 nyua b 001 0 eng
010 ## - LIBRARY OF CONGRESS CONTROL NUMBER
LC control number 2007274519
020 ## - INTERNATIONAL STANDARD BOOK NUMBER
International Standard Book Number 9780558677435
040 ## - CATALOGING SOURCE
Original cataloging agency DLC
Transcribing agency DLC
Modifying agency DLC
042 ## - AUTHENTICATION CODE
Authentication code pcc
050 00 - LIBRARY OF CONGRESS CALL NUMBER
Classification number PN6014
Item number .L58 2010
082 00 - DEWEY DECIMAL CLASSIFICATION NUMBER
Classification number 808
Edition information 22
245 00 - TITLE STATEMENT
Title Literature :
Remainder of title an introduction to fiction, poetry, and drama /
260 ## - PUBLICATION, DISTRIBUTION, ETC.
Place of publication, distribution, etc. New York :
Name of publisher, distributor, etc. Pearson Longman,
Date of publication, distribution, etc. c2010
300 ## - PHYSICAL DESCRIPTION
Extent 4 v. :
Other physical details ill. ;
Dimensions 24 cm.
500 ## - GENERAL NOTE
General note Issued in slipcase.
500 ## - GENERAL NOTE
General note Includes indexes.
505 0# - FORMATTED CONTENTS NOTE
Formatted contents note pt. 1. Fiction -- pt. 2. Poetry -- pt. 3. Drama -- pt. 4. Writing.
650 #0 - SUBJECT ADDED ENTRY--TOPICAL TERM
Topical term or geographic name entry element Literature
Form subdivision Collections.
700 1# - ADDED ENTRY--PERSONAL NAME
Personal name Kennedy, X. J.
700 1# - ADDED ENTRY--PERSONAL NAME
Personal name Gioia, Dana.
906 ## - LOCAL DATA ELEMENT F, LDF (RLIN)
a 7
b cbc
c origcop
d 2
e ncip
f 20
g y-gencatlg
942 ## - ADDED ENTRY ELEMENTS (KOHA)
Source of classification or shelving scheme Library of Congress Classification
Koha item type Books
Holdings
Withdrawn status Lost status Source of classification or shelving scheme Damaged status Not for loan Home library Current library Date acquired Total checkouts Full call number Barcode Date last seen Date last checked out Price effective from Koha item type Source of acquisition
    Library of Congress Classification     Murang'a University of Technology Library Murang'a University of Technology Library 21/04/2017 1 PN6014 .L58 2010 008815 30/08/2024 13/02/2023 21/04/2017 Books  
    Library of Congress Classification     Murang'a University of Technology Library Murang'a University of Technology Library 22/07/2017   PN6014 .L58 2010 009303 22/07/2017   22/07/2017 Books Donation-BFA